Las cuentas de la pobreza /
Se examina el fenómeno de la pobreza a lo largo del siglo XX con base en la desigual distribución del ingreso y otros factores, como la salud y la educación Con estadísticas se muestran algunas disparidades entre las regiones, los países y los hogares Por último, se describen las metas propuestas po...
Gespeichert in:
| 1. Verfasser: | |
|---|---|
| Format: | Text |
| Schlagworte: | |
| Tags: |
Tag hinzufügen
Keine Tags, Fügen Sie den ersten Tag hinzu!
|
MARC
| LEADER | 00000 a a2200000 04500 | ||
|---|---|---|---|
| 001 | 3505 | ||
| 003 | |||
| 040 | |||
| 100 | |a Ramírez, Miguel Angel | ||
| 245 | |a Las cuentas de la pobreza / |c Miguel Angel Ramírez | ||
| 520 | |a Se examina el fenómeno de la pobreza a lo largo del siglo XX con base en la desigual distribución del ingreso y otros factores, como la salud y la educación Con estadísticas se muestran algunas disparidades entre las regiones, los países y los hogares Por último, se describen las metas propuestas por algunos organismos multilaterales para combatir el flagelo. REV/PAG | ||
| 650 | |a ECONOMIA | ||
| 650 | |a ECONOMIA INTERNACIONAL | ||
| 650 | |a CONDICIONES ECONOMICAS | ||
| 650 | |a DISTRIBUCION DEL INGRESO | ||
| 650 | |a NIVEL DE VIDA | ||
| 650 | |a CONDICIONES DE VIDA | ||
| 650 | |a POBREZA | ||
| 650 | |a DISTRIBUCION DEL INGRESO | ||
| 650 | |a POBREZA | ||
| 773 | |g volumen 51, número 2; páginas 159-165 | ||
| 999 | |c 20075 |d 20075 | ||
